Global Logistics Management : A Competitive Advantage for The 21st Century /

Сохранить в:
Библиографические подробности
Главный автор: Gourdin, Kent N. (autor)
Формат:
Язык:английский
Опубликовано: Malden, EUA : Blackwell, 2006, c2006
Редактирование:2a edición
Предметы:
Метки: Добавить метку
Нет меток, Требуется 1-ая метка записи!

MARC

LEADER 00000nam^a2200000^a^4500
001 000192458
005 20250521000000.0
009 20260310102607.513
020 |a 1-4051-2713-9 
037 |a Acervo ITESO - Biblioteca 
041 |a ING 
082 |a 658. 5  |b GOU 
100 |a Gourdin, Kent N.  |e (autor) 
245 1 0 |a Global Logistics Management :  |b A Competitive Advantage for The 21st Century /  |c K.N. Gourdin. 
250 |a 2a edición 
264 4 |a Malden, EUA :  |b Blackwell,  |c 2006, c2006 
300 |a XIX, 318 p. 
336 |a texto  |b txt  |2 rdacontenido 
337 |a sin mediación  |b n  |2 rdamedio 
338 |a volumen  |b nc  |2 rdasoporte 
649 |a XX 
650 |a Almacenamiento -  |x Administración 
650 |a Transporte de Carga 
650 |a Traslado de Mercancías 
650 |a Distribución Física del Producto 
650 |a Distribución del Producto -  |x Tema Principal 
650 |a Importaciones 
650 |a Atención al Cliente 
650 |a Mercadotecnia 
650 |a Proceso de Producción -  |x Administración 
650 |a Nuevo Orden Económico Internacional 
650 |a Ciencias Administrativas 
910 |a Fondo General 
920 |a Impresos - Libros 
930 |a Colección General 
905 |a 101 
901 |a 0500136519  |b IT1  |c ACC  |u 20250521 
902 |a https://opac.biblio.iteso.mx/vufind/Record/000192458